Logo CIB grande

Fundamentos de circuitos eléctricos (Registro nro. 233204)

Detalles MARC
000 -LEADER
campo de control de longitud fija 00857nam a2200277Ia 4500
005 - FECHA Y HORA DE LA ÚLTIMA TRANSACCIÓN
campo de control 20250425162629.0
008 - DATOS DE LONGITUD FIJA--INFORMACIÓN GENERAL
campo de control de longitud fija 250425s9999 xx 000 0 und d
020 ## - NÚMERO INTERNACIONAL ESTÁNDAR DEL LIBRO
Número Internacional Estándar del Libro 9786071509482
041 ## - CÓDIGO DE IDIOMA
Código de lengua del texto/banda sonora o título independiente spa
043 ## - CÓDIGO DE ÁREA GEOGRÁFICA
Código de área geográfica mx
082 ## - NÚMERO DE LA CLASIFICACIÓN DECIMAL DEWEY
Número de clasificación 621.3815
Iniciales del Autor ALE
010 ## - NÚMERO DE CONTROL DE LA BIBLIOTECA DEL CONGRESO
Número de control de LC 91426
100 ## - ENTRADA PRINCIPAL--NOMBRE DE PERSONA
Nombre de persona Alexander, Charles K.
245 #0 - MENCIÓN DEL TÍTULO
Título Fundamentos de circuitos eléctricos
Mención de responsabilidad, etc. Charles K. Alexander, Matthew N. O. Sadiku
250 ## - MENCION DE EDICION
Mención de edición Quinta ed.
260 ## - PUBLICACIÓN, DISTRIBUCIÓN, ETC.
Lugar de publicación, distribución, etc. México
Nombre del editor, distribuidor, etc. McGraw-Hill
Fecha de publicación, distribución, etc. 2013
300 ## - DESCRIPCIÓN FÍSICA
Extensión 786 p.
Otras características físicas Ilustrado
Dimensiones 27 cm
500 ## - NOTA GENERAL
Nota general ESPOL-TECH
500 ## - NOTA GENERAL
Nota general Incluye tabla de contenido, bibliografía, índice
650 ## - PUNTO DE ACCESO ADICIONAL DE MATERIA--TÉRMINO DE MATERIA
Término de materia o nombre geográfico como elemento de entrada Amplificadores operacionales
650 ## - PUNTO DE ACCESO ADICIONAL DE MATERIA--TÉRMINO DE MATERIA
Término de materia o nombre geográfico como elemento de entrada Capacitores
650 ## - PUNTO DE ACCESO ADICIONAL DE MATERIA--TÉRMINO DE MATERIA
Término de materia o nombre geográfico como elemento de entrada Circuitos eléctricos
700 ## - ENTRADA AGREGADA--NOMBRE PERSONAL
Nombre de persona Carlos Roberto Cordero Pedraza, Hugo Villagómez Velázquez
Término indicativo de función/relación traductores
902 ## - ELEMENTOS DE DATOS B LOCAL, LDB (RLIN)
a Monográfico
c Impreso
942 ## - ELEMENTOS DE ENTRADA SECUNDARIOS (KOHA)
Tipo de ítem Koha Libros
Existencias
Estatus retirado Estado de pérdida Estado de daño No para préstamo Biblioteca de origen Biblioteca actual Fecha de adquisición Coste, precio normal de compra Etiqueta RFID Total de préstamos Código de barras Visto por última vez Fecha del último préstamo Copia número Tipo de ítem Koha Nota pública
        CENTRO DE INFORMACIÓN BIBLIOTECARIA CENTRO DE INFORMACIÓN BIBLIOTECARIA 04/08/2014 63.00 0000000000000000037012 3 68250 22/01/2026 19/01/2026 1 Libros Espol Tech E.P.
        CENTRO DE INFORMACIÓN BIBLIOTECARIA CENTRO DE INFORMACIÓN BIBLIOTECARIA 04/08/2014 63.00 0000000000000000037013   68251     2 Libros Espol Tech E.P.

Copyright 2025 ESPOL. Todos los derechos reservados.